Movies Quiz

Random Movies or Box Office Quiz
Score 0/30 Timer 08:00
4 Plays Today
% Correct
Toy Story 2
98.5%
Tarzan
97.6%
The Sixth Sense
91.4%
The Green Mile
90.8%
The Mummy
88.8%
Austin Powers: The Spy Who Shagged Me
85.9%
American Pie
85.2%
Star Wars: Episode I - The Phantom Menace
85%
Inspector Gadget
85%
The Blair Witch Project
84.9%
Pokémon: The First Movie
83.5%
The Matrix
83.1%
Wild Wild West
80.3%
Stuart Little
80.1%
American Beauty
79%
% Correct
Big Daddy
73.9%
Runaway Bride
67%
Notting Hill
60.9%
Any Given Sunday
52.4%
The Talented Mr. Ripley
51.5%
Galaxy Quest
51.5%
Analyze This
49.7%
Sleepy Hollow
49.6%
The World Is Not Enough
41.1%
Entrapment
37%
Deep Blue Sea
32.9%
Payback
27.7%
The General's Daughter
25.8%
Double Jeopardy
25.5%
The Haunting
21.4%
Remove Ads.
Support Sporcle.
Get the best of Sporcle when you Go Orange. This ad-free experience offers more features, more stats, and more fun while also helping to support Sporcle. Thank you for becoming a member.

You're not logged in!

Compare scores with friends on all Sporcle quizzes.
OR
Log In

Show Comments

Extras

Top Quizzes Today


Score Distribution

Your Account Isn't Verified!

In order to create a playlist on Sporcle, you need to verify the email address you used during registration. Go to your Sporcle Settings to finish the process.

Report this User

Report this user for behavior that violates our Community Guidelines.

Details: